000 00464pab a2200169 454500
008 180718b2013 xxu||||| |||| 00| 0 eng d
100 _aBajpa, Alok
245 _aSome contextual reflections on Hind Swaraj. a critique of 'Modernity' and an argument for Indian modern consciousness
260 _c2013
300 _ap.25-32.
362 _a31 Aug
650 _aIndia - History
650 _aHistory
773 _aMainstream
908 _aN
909 _a100717
999 _c100716
_d100716